Southville International School and Colleges
Your cart is empty.
  • Cart
  • Lists
    Public lists Eva Luna New books Lux_list list_1
    Your lists Log in to create your own lists
  • Log in to your account
  • Your cookies
  • Search history
Southville International School and Colleges
  • Advanced search
  • Recent comments
  • Most popular
  • Libraries

Log in to your account

Log in with GOOGLE


If you do not have an external account, but do have a local account, you can still log in:

  1. Home
  2. MARC view: The roots of the Filipino nation /
Normal view MARC view ISBD view

The roots of the Filipino nation / (Record no. 15668)

[ view plain ]
MARC details
000 -LEADER
fixed length control field 01124cam a2200349 a 4500
001 - CONTROL NUMBER
control field 14664795
003 - CONTROL NUMBER IDENTIFIER
control field OSt
005 - DATE AND TIME OF LATEST TRANSACTION
control field 20140310182746.0
008 - FIXED-LENGTH DATA ELEMENTS--GENERAL INFORMATION
fixed length control field 061211m20052006ph b f001 0 eng
010 ## - LIBRARY OF CONGRESS CONTROL NUMBER
LC control number 2006343577
020 ## - INTERNATIONAL STANDARD BOOK NUMBER
International Standard Book Number 9789715424608 (v. 1)
020 ## - INTERNATIONAL STANDARD BOOK NUMBER
International Standard Book Number 9789715424615 (v. 2)
040 ## - CATALOGING SOURCE
Original cataloging agency DLC
Transcribing agency DLC
Modifying agency DLC
042 ## - AUTHENTICATION CODE
Authentication code lcode
043 ## - GEOGRAPHIC AREA CODE
Geographic area code a-ph---
050 00 - LIBRARY OF CONGRESS CALL NUMBER
Classification number DS668
Item number .C58 2005
082 ## - DEWEY DECIMAL CLASSIFICATION NUMBER
Classification number F959.902
Item number .C787 2005
100 1# - MAIN ENTRY--PERSONAL NAME
Personal name Corpuz, Onofre D.
245 14 - TITLE STATEMENT
Title The roots of the Filipino nation /
Statement of responsibility, etc Corpuz, O.D.
260 ## - PUBLICATION, DISTRIBUTION, ETC. (IMPRINT)
Place of publication, distribution, etc Diliman, Quezon City :
Name of publisher, distributor, etc University of the Philippines Press,
Date of publication, distribution, etc c2005-c2006.
300 ## - PHYSICAL DESCRIPTION
Extent vii , 825 p. :
Dimensions 24 cm.
500 ## - GENERAL NOTE
General note First published: Quezon City, Philippines : Aklahi Foundation, 1989.
504 ## - BIBLIOGRAPHY, ETC. NOTE
Bibliography, etc Includes bibliographical references (v. 2, p. [761]-787) and index.
521 ## - TARGET AUDIENCE NOTE
Target audience note
526 ## - STUDY PROGRAM INFORMATION NOTE
Reading level 1210L to 1700L
541 ## - IMMEDIATE SOURCE OF ACQUISITION NOTE
-- 1
541 ## - IMMEDIATE SOURCE OF ACQUISITION NOTE
-- 2
651 #0 - SUBJECT ADDED ENTRY--GEOGRAPHIC NAME
Geographic name Philippines
General subdivision History.
906 ## - LOCAL DATA ELEMENT F, LDF (RLIN)
a 7
b cbc
c origode
d 3
e ncip
f 20
g y-gencatlg
942 ## - ADDED ENTRY ELEMENTS (KOHA)
Source of classification or shelving scheme Library of Congress Classification
Koha item type Books
Call number prefix
Holdings
Withdrawn status Lost status Source of classification or shelving scheme Damaged status Home library Current library Shelving location Date acquired Total Checkouts Full call number Barcode Date last seen Date checked out Copy number Price effective from Koha item type
    Library of Congress Classification   College Library College Library Filipiniana Section 06/08/2012 1 DS668 .C58 2005 C14661 05/08/2018 07/08/2014 1 06/08/2012 Books
    Library of Congress Classification   College Library College Library Filipiniana Section 05/06/2013 2 DS668 .C58 2005 C14629 08/13/2019 08/05/2019 2 05/06/2013 Books

The roots of the Filipino nation /

APA

Corpuz O. D., . (20052006). The roots of the Filipino nation. Diliman, Quezon City: University of the Philippines Press.

Chicago

Corpuz Onofre D, . 20052006. The roots of the Filipino nation. Diliman, Quezon City: University of the Philippines Press.

Harvard

Corpuz O. D., . (20052006). The roots of the Filipino nation. Diliman, Quezon City: University of the Philippines Press.

MLA

Corpuz Onofre D, . The roots of the Filipino nation. Diliman, Quezon City: University of the Philippines Press. 20052006.

  • Place hold
  • Print
  • Cite
  • Add to your cart (remove)
  • Save record
    BIBTEX Dublin Core MARCXML MARC (non-Unicode/MARC-8) MARC (Unicode/UTF-8) MARC (Unicode/UTF-8, Standard) MODS (XML) RIS
  • More searches
    Search for this title in:
    Other Libraries (WorldCat) Other Databases (Google Scholar) Online Stores (Bookfinder.com) Open Library (openlibrary.org)

Exporting to Dublin Core...

SOUTHVILLE LIBRARY

Southville International School and Colleges Library

1281 Tropical Ave. Cor. Luxembourg St., BF Homes International, Las Pinas City

Tel. No. 8256374 / 252358 Loc. 117/146

Powered by Koha